Les Aliments Étranges - Statistiques

Statistiques générales
  • Ce quiz a été pris 16 fois
  • Le résultat moyen est 3 sur 10
Statistiques - réponses
Questions Réponses % Correct
Quel fruit, originaire d'Asie, est connu pour son arôme très fort et son goût âpre, souvent décrit comme une combinaison de fromage bleu et d'oignon ? Durian
79%
Quel est le nom de la soupe traditionnelle du Japon, composée de morceaux de tofu caillé dans un bouillon de dashi, souvent servi chaud en hiver ? Miso
57%
De quel pays provient le plat "casu marzu", un fromage infesté de larves de mouche ? Italie
43%
Quel est le nom du plat écossais traditionnel composé de viscères de mouton ou de vache, cuites dans leur estomac ? Haggis
36%
Quel est l'aliment fermenté traditionnel consommé en Suède et en Finlande, fabriqué à partir de hareng fermenté ? Surströmming
29%
De quel pays provient le balut, un œuf d'oiseau fécondé qui est cuit et consommé directement dans sa coquille ? Philippines
21%
De quel animal provient le muktuk, un plat traditionnel inuit composé de peau de mammifère marin, souvent du béluga ou de la baleine ? Morse
14%
Quel est l'aliment suivant considéré comme une délicatesse dans certaines régions d'Asie ? Fugu
7%
Quel est le plat traditionnel islandais composé de viande de requin fermentée pendant plusieurs mois ? Hakarl
7%
Quel est le nom de l'aliment coréen à base de chien, considéré comme une source de vitalité et de force par certains ? Gaejang
0%
Aucun quiz correspondant
Distribution des résultats
% des personnes avec chaque résultat
Percentile par nombre de réponses
Votre historique - résultats
Vous n’avez pas pris ce quiz